Machine tool design (Record no. 21093)

000 -LEADER
fixed length control field 00517nam a22002177a 4500
001 - CONTROL NUMBER
control field 21093
003 - CONTROL NUMBER IDENTIFIER
control field BD-DhUET
008 - FIXED-LENGTH DATA ELEMENTS--GENERAL INFORMATION
fixed length control field 150415b xxu||||| |||| 00| 0 eng d
040 ## - CATALOGING SOURCE
Original cataloging agency DLC
Transcribing agency DLC
Modifying agency BD-DhUET
082 ## - DEWEY DECIMAL CLASSIFICATION NUMBER
Classification number 621.9
Item number ACH/1969
100 ## - MAIN ENTRY--PERSONAL NAME
Personal name Fedotyonok, A.
245 ## - TITLE STATEMENT
Title Machine tool design
250 ## - EDITION STATEMENT
Edition statement 1st ed.
260 ## - PUBLICATION, DISTRIBUTION, ETC. (IMPRINT)
Place of publication, distribution, etc. Moscow
Name of publisher, distributor, etc. Mir Publishers
Date of publication, distribution, etc. 1969
300 ## - PHYSICAL DESCRIPTION
Extent 380p.
Other physical details ill.
500 ## - GENERAL NOTE
General note Vol. 2
650 #0 - SUBJECT ADDED ENTRY--TOPICAL TERM
Topical term or geographic name as entry element Machine tool, Design
700 ## - ADDED ENTRY--PERSONAL NAME
Personal name Yermakov, V.
700 ## - ADDED ENTRY--PERSONAL NAME
Personal name Acherkan, N.
942 ## - ADDED ENTRY ELEMENTS (KOHA)
Koha item type General Book
Holdings
Lost status Location (home branch) Koha date last seen Date acquired Copy number Damaged status Koha normalized classification for sorting Source of classification or shelving scheme Koha full call number Sublocation or collection (holding branch) Price effective from Koha item type Withdrawn status Not for loan Piece designation (barcode) Shelving location
 Central Library, BUET2015-04-152015-04-151 621_900000000000000_ACH_1969 621.9/ACH/1969Central Library, BUET2015-04-15General Book  42900Circulation section
 Central Library, BUET2017-02-062015-04-152 621_900000000000000_ACH_1969 621.9/ACH/1969Central Library, BUET2015-04-15General Book  42901Circulation section
 Central Library, BUET2017-02-062015-04-153 621_900000000000000_ACH_1969 621.9/ACH/1969Central Library, BUET2015-04-15General Book  42902Circulation section
 Central Library, BUET2017-01-082015-04-154 621_900000000000000_ACH_1969 621.9/ACH/1969Central Library, BUET2015-04-15General Book  42903Circulation section
 Central Library, BUET2017-02-112015-04-155 621_900000000000000_ACH_1969 621.9/ACH/1969Central Library, BUET2015-04-15General Book  42904Circulation section